000 00872nam a2200289 a 4500
001 63199
003 BD-RjUL
005 20211209081153.0
008 170129s1973 oncb 000 1deng d
020 _a0771089856
035 _a(BD-RjUL)63327
040 _aDLC
_cDLC
_dDLC
_dBD-RjUL
_beng
041 _aeng
082 0 0 _a813
_223
_bWIT 1973
100 1 _aWiebe, Rudy
_d1934-
_9188095
245 1 4 _aThe temptations of Big Bear /
_cRudy Wiebe
260 _aToronto :
_bMcClelland and Stewart,
_c1973`.
300 _a415 p. :
_bill. ;
_c22 cm.
350 _a$8.95
600 0 0 _aBig Bear
_c(Cree chief)
_9188096
650 0 _aCree Indians
_vFiction.
_9188097
651 0 _aCanada, Western
_vFiction.
_9188098
655 7 _aBiographical fiction.
_2lcsh
_9188101
655 7 _aWestern stories.
_2gsafd
_9188100
942 _2ddc
_cBK
999 _c63199
_d63199